Polskie kluby piłkarskie i ich miasta - Statystyki

Ogólne statystyki
  • Ten quiz został rozwiązany 4 780 razy
    4 718 od ostatniego zresetowania
  • Średni wynik to 13 z 15
Statystyki odpowiedzi
Klub Miasto/miejscowość % Poprawnych
Korona Kielce
98%
Arka Gdynia
95%
Jagiellonia Białystok
94%
Pogoń Szczecin
94%
Warta Poznań
92%
Polonia Warszawa / Bytom
91%
Zawisza Bydgoszcz
85%
Odra Opole / Wodzisław
85%
Sandecja Nowy Sącz
84%
Miedź Legnica
83%
Chojniczanka Chojnice
79%
Termalica Nieciecza
78%
Stomil Olsztyn
78%
Puszcza Niepołomice
74%
Bytovia Bytów
66%
Nie znaleziono quizów pasujących do podanych kryteriów
Rozkład punktacji
Procent ludzi z każdym wynikiem
Percentyl według liczby udzielonych odpowiedzi
Twoja historia wyników
Nie rozwiązałeś tego quizu od ostatniego zresetowania